[Event "CAN-ch U10"]
[Site "Windsor"]
[Date "2016.07.06"]
[Round "3.91"]
[White "Hasanov, Tahir"]
[Black "Jacobs, Michael"]
[Result "0-1"]
[WhiteElo "608"]
[BlackElo "1380"]
[PlyCount "68"]
[EventDate "2016.07.05"]
[EventType "swiss"]
[EventRounds "7"]
[EventCountry "CAN"]
[SourceTitle "EXT 2022"]
[Source "ChessBase"]
[SourceDate "2021.10.06"]
[SourceVersion "1"]
[SourceVersionDate "2021.10.06"]
[SourceQuality "1"]

1. e4 e6 2. Nf3 d5 3. e5 c5 4. d4 Nc6 5. c3 Nge7 6. Bg5 Qb6 7. Be3 Qxb2 8. Nbd2 Qxc3 9. Rc1 Qa5 10. Rxc5 Qa3 11. Rc2 Nf5 12. Qe2 Bd7 13. Nb1 Qa5+ 14. Rd2 Bb4 15. Qd1 Bxd2+ 16. Qxd2 Qxd2+ 17. Bxd2 Nfxd4 18. Nxd4 Nxd4 19. Bd3 Rc8 20. Be3 Nc2+ 21. Bxc2 Rxc2 22. Bxa7 Rc1+ 23. Ke2 Rxh1 24. h3 Rxb1 25. f4 0-0 26. g3 Rb2+ 27. Kf3 Ra8 28. Bd4 Rd2 29. Be3 Rd3 30. h4 Raa3 31. Kg4 Rxe3 32. h5 Rxg3+ 33. Kh4 Rh3+ 34. Kg5 Rag3# 0-1

[Event "CAN-ch U08"]
[Site "Windsor"]
[Date "2015.07.09"]
[Round "7.127"]
[White "Su, Ethan"]
[Black "Hasanov, Tahir"]
[Result "1-0"]
[WhiteElo "770"]
[BlackElo "828"]
[PlyCount "73"]
[EventDate "2015.07.06"]
[EventType "swiss"]
[EventRounds "7"]
[EventCountry "CAN"]
[SourceTitle "EXT 2022"]
[Source "ChessBase"]
[SourceDate "2021.10.06"]
[SourceVersion "1"]
[SourceVersionDate "2021.10.06"]
[SourceQuality "1"]

1. e4 e5 2. Nf3 Nc6 3. d4 Bd6 4. d5 Nd4 5. Nxd4 exd4 6. Qxd4 Nf6 7. e5 c5 8. dxc6 Be7 9. exf6 Bxf6 10. cxd7+ Bxd7 11. Qe3+ Be6 12. Bd3 Bg5 13. f4 Bh4+ 14. g3 Be7 15. Nc3 Bd5 16. Nxd5 Qxd5 17. Qe4 Qxe4+ 18. Bxe4 0-0 19. 0-0 Bc5+ 20. Kg2 Rfe8 21. Re1 Bb4 22. c3 Ba5 23. Bd2 Rab8 24. Rad1 b5 25. Bc6 Rec8 26. Bf3 b4 27. Re3 Rc5 28. Rd3 bxc3 29. Bxc3 h6 30. Rd7 Rcb5 31. Bd5 Rf8 32. b4 Bxb4 33. Bxb4 Rxb4 34. Bb3 g5 35. fxg5 hxg5 36. Re7 a5 37. Rdd7 1-0

[Event "CAN-ch U08"]
[Site "Windsor"]
[Date "2015.07.08"]
[Round "5.130"]
[White "Hasanov, Tahir"]
[Black "Nayak, Anuj"]
[Result "0-1"]
[WhiteElo "516"]
[BlackElo "696"]
[PlyCount "79"]
[EventDate "2015.07.06"]
[EventType "swiss"]
[EventRounds "7"]
[EventCountry "CAN"]
[SourceTitle "EXT 2022"]
[Source "ChessBase"]
[SourceDate "2021.10.06"]
[SourceVersion "1"]
[SourceVersionDate "2021.10.06"]
[SourceQuality "1"]

1. e4 c5 2. Bc4 e6 3. Nf3 Nc6 4. 0-0 a6 5. d3 h6 6. Nc3 d6 7. Be3 Nf6 8. d4 cxd4 9. Bxd4 Nxd4 10. Qxd4 e5 11. Qd3 Be7 12. Nd5 0-0 13. Nxf6+ Bxf6 14. Rad1 Be6 15. Qb3 Re8 16. Qb4 Be7 17. Qb3 Bxc4 18. Qxc4 Rc8 19. Qb3 b5 20. Nxe5 Rf8 21. Ng6 Re8 22. Nxe7+ Rxe7 23. e5 Rxe5 24. Rfe1 Rxe1+ 25. Rxe1 Rc7 26. Qe3 Rxc2 27. h3 Rxb2 28. Qe8+ Qxe8 29. Rxe8+ Kh7 30. f4 Rxa2 31. Rf8 b4 32. Rxf7 b3 33. Re7 b2 34. Re1 Ra1 35. Rxa1 bxa1Q+ 36. Kh2 d5 37. g4 d4 38. g5 d3 39. Kg3 d2 40. Kf2 0-1